| 000 | 00377nam a22001457a 4500 | ||
|---|---|---|---|
| 003 | MACL | ||
| 005 | 20190402151735.0 | ||
| 008 | 190402b xxu||||| |||| 00| 0 eng d | ||
| 040 | _c MACL | ||
| 100 |
_aTyagi, Ashok _974088 |
||
| 245 | _aAll About from Vedas to Devas and Past to Present | ||
| 260 |
_aDerlhi _bShipra _c2015 |
||
| 650 |
_aReligion _974089 |
||
| 942 |
_2ddc _cBK |
||
| 999 |
_c59222 _d59222 |
||